00695cam a22002291 4500001001300000003000400013005001700017008004100034010001700075035002000092040004000112042001200152050001800164082001200182100002000194245006300214260006000277300001900337440005300356651004100409999001500450af 48001812 DLC20260227110851.0840417s1939 gw 000 0 ger c aaf 48001812  a(OCoLC)10634554 aColumbia Univ. LibrariescAMAUdDLC apremarc00aHC286.3b.G25 a338.9431 aGassert, Georg.00aWerden und Wesen der Sozialistischen Deutschen Wirtschaft. aBerlin,bVerlag für Wirtschaft und Verwaltungc[1939] a306 p.c23 cm. 0aArchiv für Betriebliche Sozialpolitik,vBuch 1 0aGermanyxEconomic policyy1933-1945. c4728d4728